Guess the Taylor Swift song - obscure edition - Statistics

General Stats
  • This quiz has been taken 88 times
  • The average score is 128 of 255
Answer Stats
Answer % Correct
I
97%
yo
95%
a
91%
s-
91%
You
91%
you
91%
in
86%
In
86%
the
84%
me
82%
to
82%
and
79%
my
79%
I'm
78%
like
70%
No
70%
no
70%
on
68%
can
65%
fo'
62%
but
61%
It's
61%
it's
61%
who
60%
By
58%
so
58%
just
56%
at
55%
don't
55%
Don't
55%
never
55%
are
53%
that
53%
say
52%
with
51%
been
49%
out
49%
thug
47%
was
47%
Now
45%
now
45%
story
45%
all
44%
What
44%
got
43%
about
40%
Cause
40%
thought
40%
want
40%
ain't
39%
'em
39%
foot
39%
had
39%
hair
39%
made
39%
night
39%
She
39%
she
39%
time
39%
rap
38%
said
38%
Still
38%
still
38%
didn't
36%
eight
36%
rapping
36%
blonde
35%
floor
35%
hardcore
35%
tell
35%
dream
34%
live
34%
club
32%
really
32%
caramel
31%
cookies
31%
find
31%
parents
31%
baking
30%
up
30%
clubbing
29%
get
29%
gun
26%
Shorty
26%
T-Swizzle
26%
delights
25%
even
25%
gangster
25%
Hey
25%
last
25%
fight
23%
make
23%
shorties
23%
white
23%
dreamed
22%
same
22%
take
22%
tee
22%
anything
21%
rapper
21%
small
21%
diamonds
19%
extra
19%
handle
19%
singer
19%
Singer
19%
T-Pain
19%
track
19%
mouth
18%
T-Swift
18%
turned
18%
boat
17%
singing
17%
star
17%
top
17%
T-Pizzle
17%
woke
17%
call
16%
mic
16%
ya
16%
Hello
14%
high
14%
Nikes
14%
Straight
14%
swear
14%
bleeped
13%
guys
13%
knit
13%
sweaters
13%
ugh
13%
hold
12%
Hold
12%
test
10%
woah
10%
T-Sweezy
8%
Yup
8%
oh-oh
6%
No matching quizzes found
Score Distribution
Percent of People with Each Score
Percentile by Number Answered
Your Score History
You have not taken this quiz